Calais - Choix Multiples - Statistiques

Statistiques générales
  • Ce quiz a été pris 3 087 fois
    3 052 depuis la dernière actualisation
  • Le résultat moyen est 6 sur 10
Statistiques - réponses
Question Réponse % Correct
Quelle ville anglaise peut-on rejoindre en ferry depuis Calais ? Douvres
84%
En quelle année Camile Cerf, née à Calais, s'est-elle faite élire Miss France ? 2015
78%
Laquelle de ces images représente la place d'Armes de Calais ?
77%
Quel nom donna-t-on au regroupement de migrants proche de la ville souhaitant traverser la mer pour rejoindre l'Angleterre ? La Jungle
75%
Par quel pays la ville de Calais ne fut jamais occupée ? L'Italie
70%
Quel type de tissus a fait la renommée de Calais ? La dentelle
64%
Quelle mer borde la ville de Calais ? La Manche
62%
Quel ancien président français se maria à Calais ? Charles de Gaulle
49%
Quelle infrastructure trouve-t-on de manière inhabituelle près du centre-ville à Calais ? Un phare
48%
Quelle créature peut-on voir au Fort Risban ? Un dragon
43%
Aucun quiz correspondant
Distribution des résultats
% des personnes avec chaque résultat
Percentile par nombre de réponses
Votre historique - résultats
Vous n’avez pas pris ce quiz depuis la dernière actualisation